[Event "Polanica Zdroj op-C 56th"]
[Site "Polanica Zdroj"]
[Date "2020.08.22"]
[Round "8"]
[White "Vanduyfhuys, Igor"]
[Black "Plichta, Krzysztof"]
[Result "0-1"]
[WhiteElo "1776"]
[BlackElo "1605"]
[PlyCount "72"]
[EventDate "2020.08.15"]
[EventType "swiss"]
[EventRounds "9"]
[EventCountry "POL"]
[SourceTitle "CBM 198 Extra"]
[Source "ChessBase"]
[SourceDate "2020.11.30"]
[SourceVersion "1"]
[SourceVersionDate "2020.11.30"]
[SourceQuality "1"]

1. e4 c6 2. d4 d5 3. Nd2 dxe4 4. Nxe4 Bf5 5. Ng3 Bg6 6. h4 h6 7. Nf3 Nd7 8. h5 Bh7 9. Bd3 Bxd3 10. Qxd3 e6 11. Bd2 Ngf6 12. 0-0-0 a5 13. Kb1 b5 14. Ne4 Nxe4 15. Qxe4 Qb6 16. Ne5 Nxe5 17. Qxe5 Rd8 18. Bc1 Rd5 19. Qe4 Be7 20. g4 Bf6 21. Be3 0-0 22. f4 Rfd8 23. c3 Qa7 24. Rdg1 Qe7 25. Rg2 c5 26. g5 hxg5 27. h6 g6 28. fxg5 Bxg5 29. Rhg1 Bxe3 30. Qxe3 cxd4 31. Qe4 dxc3 32. bxc3 Rd1+ 33. Rxd1 Rxd1+ 34. Kc2 Rd5 35. Qf4 Kh7 36. Qb8 Qa3 0-1

[Event "Polanica Zdroj op-C 56th"]
[Site "Polanica Zdroj"]
[Date "2020.08.20"]
[Round "6"]
[White "Plichta, Krzysztof"]
[Black "Grot, Blazej"]
[Result "1-0"]
[WhiteElo "1605"]
[BlackElo "1768"]
[PlyCount "81"]
[EventDate "2020.08.15"]
[EventType "swiss"]
[EventRounds "9"]
[EventCountry "POL"]
[SourceTitle "CBM 198 Extra"]
[Source "ChessBase"]
[SourceDate "2020.11.30"]
[SourceVersion "1"]
[SourceVersionDate "2020.11.30"]
[SourceQuality "1"]

1. d4 Nf6 2. Nf3 e6 3. Bf4 d5 4. e3 c5 5. c3 Nc6 6. Bd3 Bd6 7. Bg3 0-0 8. Nbd2 Qe7 9. Bh4 e5 10. dxe5 Nxe5 11. Nxe5 Bxe5 12. Qh5 h6 13. Nf3 Bd6 14. Bxf6 Qxf6 15. Qxd5 Rd8 16. Qe4 g6 17. Qh4 Qxh4 18. Nxh4 Be7 19. Nxg6 Rxd3 20. Nxe7+ Kf8 21. Nxc8 Rxc8 22. Rd1 Rxd1+ 23. Kxd1 Ke7 24. Ke2 Rc6 25. Rd1 Ra6 26. a3 Rb6 27. Rd2 Ke6 28. f4 f5 29. Kf3 c4 30. g4 fxg4+ 31. Kxg4 Kf6 32. e4 Rb5 33. f5 a5 34. Kf4 h5 35. e5+ Ke7 36. f6+ Ke6 37. Rd6+ Kf7 38. Rd7+ Ke8 39. e6 Rb6 40. f7+ Kf8 41. Rd8+ 1-0

[Event "Wroclaw op"]
[Site "Wroclaw"]
[Date "2019.08.09"]
[Round "7"]
[White "Kareva, Natalia"]
[Black "Plichta, Krzysztof"]
[Result "1-0"]
[WhiteElo "2135"]
[BlackElo "1613"]
[PlyCount "45"]
[EventDate "2019.08.05"]
[EventType "swiss"]
[EventRounds "9"]
[EventCountry "POL"]
[SourceTitle "CBM 191 Extra"]
[Source "ChessBase"]
[SourceDate "2019.09.30"]
[SourceVersion "1"]
[SourceVersionDate "2019.09.30"]
[SourceQuality "1"]

1. d4 d5 2. c4 c6 3. Nc3 dxc4 4. a4 Nf6 5. e3 Bf5 6. Bxc4 e6 7. Nf3 Bb4 8. 0-0 0-0 9. Qb3 a5 10. Na2 Nd5 11. Bd2 Bxd2 12. Nxd2 Nb6 13. Be2 N8d7 14. Rac1 c5 15. dxc5 Nxc5 16. Rxc5 Qxd2 17. Bf3 Qd6 18. Rb5 Nc8 19. Rd1 Qc7 20. Rxb7 Bc2 21. Qa3 Qc4 22. Qxf8+ Kxf8 23. Rd8# 1-0

[Event "Wroclaw op"]
[Site "Wroclaw"]
[Date "2019.08.08"]
[Round "5"]
[White "Partoens, Remi"]
[Black "Plichta, Krzysztof"]
[Result "0-1"]
[WhiteElo "1957"]
[BlackElo "1613"]
[PlyCount "66"]
[EventDate "2019.08.05"]
[EventType "swiss"]
[EventRounds "9"]
[EventCountry "POL"]
[SourceTitle "CBM 191 Extra"]
[Source "ChessBase"]
[SourceDate "2019.09.30"]
[SourceVersion "1"]
[SourceVersionDate "2019.09.30"]
[SourceQuality "1"]

1. e4 c6 2. d4 d5 3. exd5 cxd5 4. Bd3 Nc6 5. c3 Qc7 6. Ne2 Bg4 7. f3 Bd7 8. Bf4 e5 9. dxe5 Nxe5 10. 0-0 Bd6 11. Bc2 Nf6 12. Nd4 0-0 13. Nd2 Nh5 14. Bg3 Nxg3 15. hxg3 Nc6 16. Nxc6 bxc6 17. f4 Qb6+ 18. Kh2 Qxb2 19. Rc1 Rfe8 20. Nf3 Re6 21. Bxh7+ Kxh7 22. Ng5+ Kg8 23. Nxe6 Bxe6 24. f5 Bd7 25. f6 Re8 26. Re1 Rxe1 27. Qxe1 Be5 28. Rb1 Qxc3 29. Rb8+ Kh7 30. Qb1+ g6 31. Rd8 Qxg3+ 32. Kg1 Bd4+ 33. Kh1 Qh4# 0-1

[Event "Wroclaw op"]
[Site "Wroclaw"]
[Date "2019.08.06"]
[Round "3"]
[White "Piekielny, Pawel"]
[Black "Plichta, Krzysztof"]
[Result "1/2-1/2"]
[WhiteElo "1966"]
[BlackElo "1613"]
[PlyCount "86"]
[EventDate "2019.08.05"]
[EventType "swiss"]
[EventRounds "9"]
[EventCountry "POL"]
[SourceTitle "CBM 191 Extra"]
[Source "ChessBase"]
[SourceDate "2019.09.30"]
[SourceVersion "1"]
[SourceVersionDate "2019.09.30"]
[SourceQuality "1"]

1. e4 c6 2. d4 d5 3. Nc3 dxe4 4. Nxe4 Bf5 5. Ng3 Bg6 6. h4 h6 7. Nf3 Nd7 8. h5 Bh7 9. Bd3 Bxd3 10. Qxd3 e6 11. Bd2 Ngf6 12. 0-0-0 Qb6 13. Ne5 Nxe5 14. dxe5 Rd8 15. Qe2 Nd5 16. c4 Nb4 17. Bxb4 Bxb4 18. Rxd8+ Kxd8 19. Rd1+ Kc8 20. a3 Be7 21. Ne4 Rd8 22. Rxd8+ Qxd8 23. Qd2 Qb6 24. Qd3 Qc7 25. Qg3 f6 26. exf6 Qxg3 27. Nxg3 gxf6 28. Ne2 Kd7 29. Kc2 Kd6 30. Nf4 f5 31. Ng6 Bf6 32. b3 a5 33. a4 e5 34. f3 e4 35. Nf4 Ke5 36. Ne2 exf3 37. gxf3 Be7 38. Kd3 Bc5 39. f4+ Ke6 40. Nc1 Bd6 41. Ke3 Bc5+ 42. Kf3 Bb6 43. Nd3 Bd4 1/2-1/2

[Event "Bialystok Zamenhof Memorial-C 35th"]
[Site "Bialystok"]
[Date "2017.12.28"]
[Round "4.30"]
[White "Ciszewski, Krzysztof"]
[Black "Plichta, Krzysztof"]
[Result "1-0"]
[WhiteElo "1443"]
[BlackElo "1556"]
[PlyCount "159"]
[EventDate "2017.12.27"]
[EventType "swiss"]
[EventRounds "9"]
[EventCountry "POL"]
[SourceTitle "EXT 2023"]
[Source "ChessBase"]
[SourceDate "2022.10.05"]
[SourceVersion "1"]
[SourceVersionDate "2022.10.05"]
[SourceQuality "1"]

1. e4 c6 2. Nf3 d5 3. Nc3 Bg4 4. h3 Bxf3 5. Qxf3 e6 6. exd5 cxd5 7. d4 Nc6 8. Bb5 Qb6 9. Qd3 a6 10. Bxc6+ bxc6 11. 0-0 Nf6 12. a4 a5 13. Bf4 Be7 14. b3 Nd7 15. Bg3 0-0 16. Rad1 Qa6 17. Qxa6 Rxa6 18. Kh2 Bf6 19. Ne2 Rc8 20. c4 Rb6 21. Nc1 dxc4 22. bxc4 Rb1 23. Ne2 Rxd1 24. Rxd1 Nb6 25. c5 Nd5 26. f3 Nb4 27. Rb1 Bd8 28. Kg1 Bc7 29. Bxc7 Rxc7 30. Kf2 f6 31. Ke3 Rb7 32. Kd2 e5 33. dxe5 Rd7+ 34. Ke3 fxe5 35. Ng3 Rd4 36. Nf5 Rc4 37. Rd1 Nd5+ 38. Kf2 Rxc5 39. Rb1 Nb4 40. Rd1 Nd5 41. Rb1 g6 42. Rb8+ Kf7 43. Nd6+ Ke6 44. Ne4 Rc2+ 45. Kg1 Nf4 46. g4 Nxh3+ 47. Kf1 Rc4 48. Rd8 Rd4 49. Rh8 Rd1+ 50. Ke2 Rh1 51. Rd8 Nf4+ 52. Kd2 Rh2+ 53. Kc3 Nd5+ 54. Kb3 Ne7 55. Rd6+ Kf7 56. Rf6+ Kg7 57. Re6 Nd5 58. Rxc6 Re2 59. Kc4 Ne7 60. Re6 Nc8 61. Rxe5 Nb6+ 62. Kd3 Ra2 63. Rxa5 Rxa4 64. Rb5 Ra3+ 65. Ke2 Nc4 66. Rb7+ Kf8 67. Rxh7 Ne5 68. Ng5 Kg8 69. Re7 Nc6 70. Rd7 Ne5 71. Rd5 Nc4 72. Rc5 Ra2+ 73. Kd3 Nb2+ 74. Ke4 Ra4+ 75. Kd5 Nd3 76. Rc8+ Kg7 77. Ne6+ Kf7 78. Rc7+ Kf6 79. g5+ Kf5 80. Rf7# 1-0

[Event "Bialystok Zamenhof Memorial-C 35th"]
[Site "Bialystok"]
[Date "2017.12.28"]
[Round "3.31"]
[White "Plichta, Krzysztof"]
[Black "Strepikowski, Pawel"]
[Result "1/2-1/2"]
[WhiteElo "1556"]
[BlackElo "1457"]
[PlyCount "117"]
[EventDate "2017.12.27"]
[EventType "swiss"]
[EventRounds "9"]
[EventCountry "POL"]
[SourceTitle "EXT 2023"]
[Source "ChessBase"]
[SourceDate "2022.10.05"]
[SourceVersion "1"]
[SourceVersionDate "2022.10.05"]
[SourceQuality "1"]

1. e4 c5 2. Nc3 d6 3. f4 Nc6 4. Nf3 Nf6 5. Bb5 Bd7 6. 0-0 a6 7. Bxc6 Bxc6 8. d3 e6 9. Rb1 Be7 10. b3 0-0 11. Bb2 Qc7 12. Qe1 d5 13. g3 dxe4 14. Nxe4 Nxe4 15. dxe4 b5 16. Ne5 Bb7 17. Rd1 Rad8 18. Qe2 f6 19. Nf3 Qc6 20. Rxd8 Rxd8 21. e5 f5 22. Kg2 g5 23. fxg5 Bxg5 24. Kh3 Bh6 25. Nh4 Qe4 26. Qxe4 Bxe4 27. Rf2 Bg7 28. g4 f4 29. Ng2 Bxg2+ 30. Kxg2 Bh6 31. h4 Rd5 32. g5 Bg7 33. c4 Rd3 34. Rxf4 Re3 35. Kf2 Rh3 36. Kg2 Re3 37. Rf3 Re4 38. Kg3 Bxe5+ 39. Bxe5 Rxe5 40. Kg4 Re4+ 41. Rf4 Re2 42. cxb5 axb5 43. a4 bxa4 44. Rxa4 Re3 45. Ra8+ Kf7 46. Ra7+ Kg8 47. Rb7 Re4+ 48. Kh5 e5 49. Rc7 Rb4 50. Rxc5 Rxb3 51. Rxe5 Rb4 52. Re7 Rc4 53. Re8+ Kf7 54. Re3 Kg7 55. Rg3 Ra4 56. Rg4 Rxg4 57. Kxg4 h6 58. Kf5 hxg5 59. hxg5 1/2-1/2